[Event "Golden Rook op (Women)"]
[Site "Chotowa"]
[Date "2003.05.10"]
[Round "5"]
[White "Kucharska, Angelika"]
[Black "Rogala, Lucyna"]
[Result "0-1"]
[WhiteElo "1400"]
[BlackElo "1600"]
[PlyCount "56"]
[EventDate "2003.05.??"]
[EventType "swiss"]
[EventRounds "9"]
[EventCountry "POL"]
[SourceTitle "EXT 2005"]
[Source "ChessBase"]
[SourceDate "2004.11.15"]
[SourceVersion "1"]
[SourceVersionDate "2004.11.15"]
[SourceQuality "1"]

1. d4 Nf6 2. c4 g6 3. e3 Bg7 4. Nf3 0-0 5. Bd3 d6 6. Nc3 c5 7. 0-0 Bg4 8. Be2 Nfd7 9. Qd2 Nc6 10. d5 Bxf3 11. Bxf3 Nce5 12. Be2 f5 13. f4 Nf7 14. b3 Re8 15. Bf3 Nf6 16. Bb2 Rb8 17. e4 Nh6 18. e5 dxe5 19. fxe5 Nfg4 20. Rae1 Qc7 21. Nb5 Qd8 22. e6 Bxb2 23. Qxb2 a6 24. h3 Nf6 25. Qd2 axb5 26. Qxh6 bxc4 27. bxc4 Qa5 28. Rf2 Qxe1+ 0-1